Countries with the highest precentage of Muslim pepole - Statistics

General Stats
  • This quiz has been taken 46 times
  • The average score is 8 of 15
Answer Stats
Precentage Country % Correct
99.4% Iran
86%
99.7% Afghanistan
78%
99% Algeria
78%
99% Morocco
78%
97.8% Tunisia
70%
97.2% Yemen
70%
98.3% Niger
65%
99.8% Somalia
57%
99.9% Mauritania
51%
100% Maldives
46%
97.9% Tajikistan
38%
97.3% Azerbaijan
35%
98.3% Comoros
32%
97.5% Palestine
16%
99.4% Western Sahara
3%
No matching quizzes found
Score Distribution
Percent of People with Each Score
Percentile by Number Answered
Your Score History
You have not taken this quiz